• 首页
  • 本馆介绍
  • 公告通知
  • 最新文献
  • 馆藏检索
  • 电子资源
  • 读者导购
  • 参考咨询
  • 我的图书馆
  • 登录
  • 详细信息显示
  • 放入我的书架
  • 预约/预借图书
  • 作者相关作品
  • 分类相关作品
  • 丛书相关作品
  • 出版社相关作品

书目信息

  • 表格格式
  • 工作单格式
  • 卡片格式
题名:
区域产业政策与中国农村区域协调发展
    
 
作者: 黄小晶 著
分册:  
出版信息: 北京   中国经济出版社  2006
页数: 371页
开本: 23cm
丛书名: 中国经济前沿问题学术论丛
单 册:
中图分类: F127 , F323
科图分类:
主题词: 地区经济--产业政策--关系--农村经济--经济发展--中国 , 地区经济 , 产业政策 , 农村经济 , 经济发展
电子资源:
ISBN: 7-5017-7326-2
000 01243oam2 2200325 450
001 003243447
005 20091202085257.87
010    @a7-5017-7326-2@dCNY35.00
100    @a20060104d2006 em y0chiy0110 ea
101 0  @achi
102    @aCN@b110000
105    @ay z 000yy
106    @ar
200 1  @a区域产业政策与中国农村区域协调发展@9qu yu chan ye zheng ce yu zhong guo nong cun qu yu xie tiao fa zhan@dRegional industrial policies and co-ordinated regional development in China's rural area@f黄小晶著@zeng
210    @a北京@c中国经济出版社@d2006
215    @a371页@d23cm
225 2  @a中国经济前沿问题学术论丛
330    @a本书对我国不同区域加快发展的政策选择作了初步分析,为解决“三农”问题特别是农村区域协调发展问题提出了可供选择的方案。
461  0 @12001 @a中国经济前沿问题学术论丛
510 1  @aRegional industrial policies and co-ordinated regional development in China's rural area@zeng
606 0  @a地区经济@x产业政策@x关系@x农村经济@x经济发展@y中国
606 0  @a地区经济
606 0  @a产业政策
606 0  @a农村经济
606 0  @a经济发展
690    @aF127@v4
690    @aF323@v4
701  0 @a黄小晶@9huang xiao jing@c(女@f1966.1~)@4著
801  0 @aCN@bNLC@c20091202
905    @b794552-57@dF127@e126@f6
    
    区域产业政策与中国农村区域协调发展=Regional industrial policies and co-ordinated regional development in China's rural area/黄小晶著.-北京:中国经济出版社,2006
    371页;23cm.-(中国经济前沿问题学术论丛)
    
    
    ISBN 7-5017-7326-2:CNY35.00
    本书对我国不同区域加快发展的政策选择作了初步分析,为解决“三农”问题特别是农村区域协调发展问题提出了可供选择的方案。
●
相关链接 在E读中查询图书 在五车中查询图书 在当当中查询图书 在豆瓣中查询图书


正题名:区域产业政策与中国农村区域协调发展     索取号:F127/126         预约/预借

序号 登录号 条形码 馆藏地/架位号 状态 备注
1 794552   207945526   第一样本阅览室/ [索取号:F127/126] 在馆    
2 794553   207945535   第一借阅区/ [索取号:F127/126] 在馆    
3 794554   207945544   第一借阅区/ [索取号:F127/126] 在馆    
4 794555   207945553   第一借阅区/ [索取号:F127/126] 在馆    
5 794556   207945562   第一借阅区/ [索取号:F127/126] 在馆    
6 794557   207945571   第一借阅区/ [索取号:F127/126] 在馆    
唐山师范学院图书馆 欢迎您!
大连网信软件有限公司© 版权所有